|
|
|
|
| LEADER |
01784nam a2200469 a 4500 |
| 001 |
001251799 |
| 003 |
CZ BrMZK |
| 005 |
20121019111103.0 |
| 007 |
ta |
| 008 |
120925s2012 xr a e 000 0 cze |
| 020 |
|
|
|a 978-80-86418-94-0
|q (skládanka)
|
| 040 |
|
|
|a BOA001
|b cze
|
| 043 |
|
|
|a e-pl---
|a e-xr---
|b e-xr-mo
|b e-xr-cc
|2 czenas
|
| 045 |
|
|
|a e-e-
|
| 072 |
|
7 |
|a 27-5
|x Liturgie. Křesťanské umění a symbolika. Duchovní život
|2 Konspekt
|9 5
|
| 080 |
|
|
|a 27-36
|2 MRF
|
| 080 |
|
|
|a 27-562/-565
|2 MRF
|
| 080 |
|
|
|a 39
|2 MRF
|
| 080 |
|
|
|a (437.31-17)
|2 MRF
|
| 080 |
|
|
|a (438)
|2 MRF
|
| 080 |
|
|
|a (036)
|2 MRF
|
| 100 |
1 |
|
|a Dušek, Libor,
|d 1983-
|7 pna2011623669
|4 aut
|
| 245 |
1 |
0 |
|a Svatojánská noc /
|c [text L. Dušek, M. Kozioł]
|
| 260 |
|
|
|a Vrchlabí :
|b Správa Krkonošského národního parku,
|c 2012
|
| 300 |
|
|
|a [4] s. :
|b il. (převážně barev.) ;
|c 21 cm
|
| 500 |
|
|
|a Název z obálky
|
| 600 |
0 |
7 |
|a Jan Křtitel,
|c svatý,
|d 1. stol.
|7 jn20010525028
|2 czenas
|
| 648 |
|
7 |
|a 1. století
|7 ch460539
|2 czenas
|
| 650 |
0 |
7 |
|a křesťanští světci
|7 ph115082
|y 1. stol.
|2 czenas
|
| 650 |
0 |
7 |
|a křesťanské svátky
|7 ph115071
|z Česko
|2 czenas
|
| 650 |
0 |
7 |
|a křesťanské svátky
|7 ph115071
|z Polsko
|2 czenas
|
| 650 |
0 |
7 |
|a zvyky a obyčeje
|7 ph137519
|z Česko
|2 czenas
|
| 650 |
0 |
7 |
|a zvyky a obyčeje
|7 ph137519
|z Polsko
|2 czenas
|
| 655 |
|
7 |
|a informační publikace
|7 fd132454
|2 czenas
|
| 651 |
|
7 |
|a Dolní Slezsko
|7 ge129049
|2 czenas
|
| 651 |
|
7 |
|a Podkrkonoší (Česko)
|7 ge137859
|2 czenas
|
| 651 |
|
7 |
|a Pojizeří (Česko)
|7 ge137863
|2 czenas
|
| 700 |
1 |
|
|a Kozioł, Małgorzata
|7 mzk2012723931
|4 aut
|
| 910 |
2 |
|
|a BOA001
|b 2-1290.804
|
| 990 |
|
|
|a BK
|
| 991 |
|
|
|b 201210
|e n
|
| 996 |
6 |
|
|b 2610524455
|c 2-1290.804
|l MZK
|r Sklad / do 1 hodiny
|n 3
|p p.v.
|w 001287443
|u 000010
|a 1
|e BOA001
|j MZK50
|s P
|